Geography Quiz

Random Geography or City Quiz

Most Powerful Cities 2010 Quiz Stats

 Plays Quiz not verified by Sporcle

Score 0/50 Timer 05:00
0 Plays Today
Number City % Correct
1New York
99.5%
2London
96.9%
7Los Angeles
96.7%
4Paris
95.3%
3Tokyo
93.4%
15Beijing
90.1%
6Chicago
89.2%
25Moscow
88.6%
16Berlin
88.2%
28Rome
87.4%
17Madrid
84.8%
30Mexico City
82.5%
13Washington
81.4%
9Sydney
80.1%
49Rio De Janeiro
76.5%
21Shanghai
76.3%
14Toronto
75%
43Cairo
74.1%
33Miami
74%
12San Francisco
73.6%
38Houston
73.5%
19Boston
70.2%
5Hong Kong
69.4%
45New Delhi
69.1%
22Buenos Aires
68.1%
Number City % Correct
26Barcelona
67.6%
29Amsterdam
67.5%
10Seoul
65.6%
46Mumbai
65.6%
35Sao Paulo
62.6%
41Istanbul
60.7%
34Munich
60.5%
23Stockholm
60.1%
31Montreal
58.9%
44Dublin
58.8%
42Milan
58.5%
11Brussels
58.1%
8Singapore
55.4%
18Vienna
54.6%
37Copenhagen
49.5%
47Osaka
47.9%
40Atlanta
47.6%
27Dubai
47.6%
36Bangkok
46.9%
24Zurich
46.3%
20Frankfurt
41.7%
32Geneva
39%
50Tel Aviv
36.8%
39Taipei
32%
48Kuala Lumpur
30.3%

You're not logged in!

Compare scores with friends on all Sporcle quizzes.
OR
Log In

Show Comments

Extras

Top Quizzes Today


Score Distribution

Your Account Isn't Verified!

In order to create a playlist on Sporcle, you need to verify the email address you used during registration. Go to your Sporcle Settings to finish the process.

Report this User

Report this user for behavior that violates our Community Guidelines.

Details: